Informes en Derecho. Doctrina Procesal Penal 2019-2020
Uloženo v:
| Korporativní autor: | |
|---|---|
| Médium: | Kniha |
| Jazyk: | angličtina španělština |
| Vydáno: |
Santiago, Chile.
Centro de Documentación Defensoría Penal Pública,
2020
|
| Témata: | |
| On-line přístup: | Disponible Online - Defensoría Penal Pública |
| Tagy: |
Přidat tag
Žádné tagy, Buďte první, kdo vytvoří štítek k tomuto záznamu!
|
MARC
| LEADER | 00000nam a22000007a 4500 | ||
|---|---|---|---|
| 003 | CL-VaPUC | ||
| 005 | 20240801163754.0 | ||
| 008 | 200121b ||||| |||| 00| 0 eng d | ||
| 999 | |c 434262 |d 434260 | ||
| 020 | |a 978-956-8349-57-8 | ||
| 040 | |c Pontificia Universidad Católica de Valparaíso | ||
| 041 | 0 | |a spa | |
| 082 | |a 345.8305 CEN 2020 | ||
| 110 | 1 | |a Centro de Documentación Defensoría Penal Pública |9 609672 | |
| 245 | 1 | 0 | |a Informes en Derecho. |b Doctrina Procesal Penal 2019-2020 |
| 260 | 3 | |a Santiago, Chile. |b Centro de Documentación Defensoría Penal Pública, |c 2020 | |
| 300 | |a 163 páginas | ||
| 500 | |a c.1 Donación Sra. María Graciela Brantt - Decana. Memo 008/Der 23-11-2021 | ||
| 505 | 0 | |a - Sobre la posibilidad de incorporar antecedentes obtenidos en el marco de una fiscalización administrativa, realizada con autorización judicial previa, como prueba en un proceso penal / Luis Cordero V. - Bis in idem procesal en juzgamientos sucesivos derivados de conductas de microtráfico / Juan Sebastián Vera S. - Alcance del derecho a la defensa desde el derecho público y efectos derivados de la imposibilidad de prestar este derecho en relación al principio de igualdad y no discriminación a propósito de grupos en situación de vulnerabilidad / William García M. - Infracción de reglas higiénicas o de salubridad en tiempo de catástrofe, epidemia o contagio, con peligro para la salud pública: propuesta de interpretación / Gustavo Balmaceda H. | |
| 583 | |c 20200121 |k Sebastián Perez | ||
| 650 | 0 | 0 | |a Derecho procesal |z Chile |9 454338 |
| 650 | 0 | 0 | |a Derecho penal |9 11 |
| 650 | 0 | 0 | |a Reforma procesal |9 456464 |
| 856 | |u https://biblio.dpp.cl/datafiles/16381.pdf |y Disponible Online - Defensoría Penal Pública | ||
| 942 | |2 ddc |c BK | ||
| 952 | |0 0 |1 0 |2 ddc |4 0 |6 345_830500000000000_CEN_2020 |7 0 |8 A |9 579463 |a BIBDER |b BIBDER |d 2021-12-06 |e Donación |i 5628075 |o 345.8305 CEN 2020 |p 5628075 |r 2023-01-25 |t 1 |w 2021-12-06 |y BK |k DER | ||